| 000 -LEADER |
| fixed length control field |
02276cam a22005655a 4500 |
| 001 - CONTROL NUMBER |
| control field |
16339946 |
| 003 - CONTROL NUMBER IDENTIFIER |
| control field |
Nust- CAS-E |
| 005 - DATE AND TIME OF LATEST TRANSACTION |
| control field |
20180118181358.0 |
| 008 - FIXED-LENGTH DATA ELEMENTS--GENERAL INFORMATION |
| fixed length control field |
100719s2008 gw a b 001 0 eng |
| 010 ## - LIBRARY OF CONGRESS CONTROL NUMBER |
| LC control number |
2010281247 |
| 015 ## - NATIONAL BIBLIOGRAPHY NUMBER |
| National bibliography number |
GBA791376 |
| Source |
bnb |
| 015 ## - NATIONAL BIBLIOGRAPHY NUMBER |
| National bibliography number |
08,A35,0839 |
| Source |
dnb |
| 015 ## - NATIONAL BIBLIOGRAPHY NUMBER |
| National bibliography number |
07,N47,0949 |
| Source |
dnb |
| 016 7# - NATIONAL BIBLIOGRAPHIC AGENCY CONTROL NUMBER |
| Record control number |
014276883 |
| Source |
Uk |
| 016 7# - NATIONAL BIBLIOGRAPHIC AGENCY CONTROL NUMBER |
| Record control number |
986184756 |
| Source |
DE-101 |
| 020 ## - INTERNATIONAL STANDARD BOOK NUMBER |
| International Standard Book Number |
9783527408412 |
| 020 ## - INTERNATIONAL STANDARD BOOK NUMBER |
| International Standard Book Number |
352740841X |
| 035 ## - SYSTEM CONTROL NUMBER |
| System control number |
(OCoLC)ocn181069650 |
| 040 ## - CATALOGING SOURCE |
| Original cataloging agency |
UKM |
| Language of cataloging |
eng |
| Transcribing agency |
UKM |
| Modifying agency |
OHX |
| -- |
YDXCP |
| -- |
OCLCQ |
| -- |
BTCTA |
| -- |
BAKER |
| -- |
GA0 |
| -- |
VRC |
| -- |
SZR |
| -- |
HEBIS |
| -- |
DEBBG |
| -- |
OCL |
| -- |
DLC |
| 042 ## - AUTHENTICATION CODE |
| Authentication code |
ukblcatcopy |
| -- |
lccopycat |
| 050 00 - LIBRARY OF CONGRESS CALL NUMBER |
| Classification number |
TJ810 |
| Item number |
.V68 2008 |
| 082 04 - DEWEY DECIMAL CLASSIFICATION NUMBER |
| Classification number |
621.47 |
| Edition number |
22 |
| Author Mark |
VOS 2008 |
| 084 ## - OTHER CLASSIFICATION NUMBER |
| Classification number |
530 |
| Number source |
sdnb |
| 084 ## - OTHER CLASSIFICATION NUMBER |
| Classification number |
UX 2000 |
| Number source |
rvk |
| 084 ## - OTHER CLASSIFICATION NUMBER |
| Classification number |
ZP 3700 |
| Number source |
rvk |
| 084 ## - OTHER CLASSIFICATION NUMBER |
| Classification number |
ZP 3720 |
| Number source |
rvk |
| 084 ## - OTHER CLASSIFICATION NUMBER |
| Classification number |
ZP 4300 |
| Number source |
rvk |
| 100 1# - MAIN ENTRY--PERSONAL NAME |
| Personal name |
Vos, Alexis de. |
| 245 10 - TITLE STATEMENT |
| Title |
Thermodynamics of solar energy conversion / |
| Statement of responsibility, etc. |
Alexis de Vos. |
| 260 ## - PUBLICATION, DISTRIBUTION, ETC. |
| Place of publication, distribution, etc. |
Weinheim : |
| Name of publisher, distributor, etc. |
Wiley-VCH, |
| Date of publication, distribution, etc. |
c2008. |
| 300 ## - PHYSICAL DESCRIPTION |
| Extent |
xiii, 192 p. : |
| Other physical details |
ill. ; |
| Dimensions |
25 cm. |
| 504 ## - BIBLIOGRAPHY, ETC. NOTE |
| Bibliography, etc. note |
Includes bibliographical references and index. |
| 505 0# - FORMATTED CONTENTS NOTE |
| Formatted contents note |
Radiation -- The solar system -- Thermodynamical engines -- Wind energy creation -- Photohtermal conversion -- Photovoltaic conversion -- Hybrid conversion -- Multicolor conversion -- Chemical reactions -- Photosynthesis. |
| 650 #0 - SUBJECT ADDED ENTRY--TOPICAL TERM |
| Topical term or geographic name entry element |
Solar energy. |
| 650 #0 - SUBJECT ADDED ENTRY--TOPICAL TERM |
| Topical term or geographic name entry element |
Thermodynamics. |
| 650 #0 - SUBJECT ADDED ENTRY--TOPICAL TERM |
| Topical term or geographic name entry element |
Direct energy conversion. |
| 650 #6 - SUBJECT ADDED ENTRY--TOPICAL TERM |
| Topical term or geographic name entry element |
Énergie |
| General subdivision |
Conversion directe. |
| 650 #6 - SUBJECT ADDED ENTRY--TOPICAL TERM |
| Topical term or geographic name entry element |
Thermodynamique. |
| 650 #6 - SUBJECT ADDED ENTRY--TOPICAL TERM |
| Topical term or geographic name entry element |
Énergie |
| General subdivision |
Conversion. |
| 650 #6 - SUBJECT ADDED ENTRY--TOPICAL TERM |
| Topical term or geographic name entry element |
Énergie solaire. |
| 650 07 - SUBJECT ADDED ENTRY--TOPICAL TERM |
| Topical term or geographic name entry element |
Sonnenenergie. |
| Source of heading or term |
swd |
| 650 07 - SUBJECT ADDED ENTRY--TOPICAL TERM |
| Topical term or geographic name entry element |
Energieumwandlung. |
| Source of heading or term |
swd |
| 650 07 - SUBJECT ADDED ENTRY--TOPICAL TERM |
| Topical term or geographic name entry element |
Nichtgleichgewichtsthermodynamik. |
| Source of heading or term |
swd |
| 856 41 - ELECTRONIC LOCATION AND ACCESS |
| Materials specified |
Table of contents |
| Uniform Resource Identifier |
<a href="http://bvbr.bib-bvb.de:8991/F?func=service&doc_library=BVB01&doc_number=016381302&line_number=0001&func_code=DB_RECORDS&service_type=MEDIA">http://bvbr.bib-bvb.de:8991/F?func=service&doc_library=BVB01&doc_number=016381302&line_number=0001&func_code=DB_RECORDS&service_type=MEDIA</a> |
| 856 41 - ELECTRONIC LOCATION AND ACCESS |
| Materials specified |
Inhaltsverzeichnis |
| Uniform Resource Identifier |
<a href="http://www.gbv.de/dms/ilmenau/toc/548682208.PDF">http://www.gbv.de/dms/ilmenau/toc/548682208.PDF</a> |
| 856 42 - ELECTRONIC LOCATION AND ACCESS |
| Electronic format type |
text/html |
| Uniform Resource Identifier |
<a href="http://deposit.d-nb.de/cgi-bin/dokserv?id=3018803&prov=M&dok_var=1&dok_ext=htm">http://deposit.d-nb.de/cgi-bin/dokserv?id=3018803&prov=M&dok_var=1&dok_ext=htm</a> |
| Materials specified |
Inhaltstext |
| 906 ## - LOCAL DATA ELEMENT F, LDF (RLIN) |
| a |
7 |
| b |
cbc |
| c |
copycat |
| d |
2 |
| e |
ncip |
| f |
20 |
| g |
y-gencatlg |
| 942 ## - ADDED ENTRY ELEMENTS (KOHA) |
| Source of classification or shelving scheme |
|
| Koha item type |
Book |